[Event "Mogliano Veneto op-B 34th"]
[Site "Mogliano Veneto"]
[Date "2013.04.28"]
[Round "5"]
[White "Carraro, Riccardo"]
[Black "Stefan, Marco"]
[Result "1-0"]
[WhiteElo "1782"]
[BlackElo "1840"]
[PlyCount "79"]
[EventDate "2013.04.25"]
[EventType "swiss"]
[EventRounds "6"]
[EventCountry "ITA"]
[SourceTitle "EXT 2015"]
[Source "ChessBase"]
[SourceDate "2014.11.20"]
[SourceVersion "1"]
[SourceVersionDate "2014.11.20"]
[SourceQuality "1"]

1. e4 c5 2. Nc3 d6 3. f4 Nc6 4. Nf3 Bg4 5. h3 Bxf3 6. Qxf3 a6 7. b3 e6 8. Bb2 Qd7 9. Na4 Rd8 10. Be2 b5 11. Nc3 Nd4 12. Qd3 Nf6 13. 0-0-0 e5 14. fxe5 dxe5 15. Qg3 Qe6 16. Bg4 Nxg4 17. hxg4 b4 18. Nd5 Ne2+ 19. Kb1 Nxg3 20. Nc7+ Kd7 21. Nxe6 Nxh1 22. Nxd8 Nf2 23. Nxf7 Nxd1 24. Nxh8 Nxb2 25. Nf7 Ke6 26. Ng5+ Kd6 27. Kxb2 Be7 28. Nf3 h6 29. c3 a5 30. a3 Ke6 31. cxb4 cxb4 32. a4 Bd8 33. Kc2 Bc7 34. Kd3 Bd8 35. Kc4 Kf6 36. Kd5 Bc7 37. d4 exd4 38. Nxd4 Be5 39. Nc6 Bc7 40. e5+ 1-0

[Event "Mogliano Veneto op-B 34th"]
[Site "Mogliano Veneto"]
[Date "2013.04.27"]
[Round "4"]
[White "Stefan, Marco"]
[Black "Bergamasco, Tommaso"]
[Result "0-1"]
[WhiteElo "1840"]
[BlackElo "1680"]
[PlyCount "52"]
[EventDate "2013.04.25"]
[EventType "swiss"]
[EventRounds "6"]
[EventCountry "ITA"]
[SourceTitle "EXT 2015"]
[Source "ChessBase"]
[SourceDate "2014.11.20"]
[SourceVersion "1"]
[SourceVersionDate "2014.11.20"]
[SourceQuality "1"]

1. e4 c6 2. d4 d5 3. Nc3 dxe4 4. Nxe4 Bf5 5. Ng3 Bg6 6. Bc4 e6 7. N1e2 Bd6 8. 0-0 Nf6 9. f4 Qc7 10. f5 exf5 11. Nxf5 Bxf5 12. Rxf5 Bxh2+ 13. Kh1 Bd6 14. Bh6 Rg8 15. Bxg7 Rxg7 16. Rxf6 Nd7 17. Rf3 Nb6 18. Bd3 0-0-0 19. Bf5+ Kb8 20. Qd3 Re8 21. Raf1 Qe7 22. Nc3 Qh4+ 23. Bh3 Reg8 24. Qe4 Rxg2 25. Rg3 Qxe4 26. Rxg2 Qe8 0-1

[Event "Noale Szabados Memorial-B 5th"]
[Site "Noale"]
[Date "2012.02.05"]
[Round "5"]
[White "Stefan, Marco"]
[Black "Cocuzzi, Edoardo"]
[Result "0-1"]
[WhiteElo "1831"]
[BlackElo "1971"]
[PlyCount "96"]
[EventDate "2012.02.03"]
[EventType "swiss"]
[EventRounds "5"]
[EventCountry "ITA"]
[SourceTitle "EXT 2022"]
[Source "ChessBase"]
[SourceDate "2021.10.06"]
[SourceVersion "1"]
[SourceVersionDate "2021.10.06"]
[SourceQuality "1"]

1. e4 e5 2. Nf3 Nc6 3. Bb5 a6 4. Bxc6 dxc6 5. 0-0 Bg4 6. h3 h5 7. d3 Qf6 8. Be3 Bxf3 9. Qxf3 Qxf3 10. gxf3 Bd6 11. Nd2 Ne7 12. Nc4 f5 13. Nxd6+ cxd6 14. f4 fxe4 15. fxe5 exd3 16. exd6 Nf5 17. cxd3 Nxd6 18. Rac1 0-0-0 19. d4 Nf5 20. Rfd1 Rhe8 21. Rd3 Rd5 22. Rcd1 Red8 23. R3d2 R8d7 24. Rd3 Kd8 25. Kf1 c5 26. R3d2 Ke8 27. Ke2 cxd4 28. Bf4 Kf7 29. Kd3 Kf6 30. Kc4 g5 31. Bg3 b5+ 32. Kb4 h4 33. Bh2 Ne7 34. f4 gxf4 35. Bxf4 Rf5 36. Bh2 Nc6+ 37. Kb3 Rf3+ 38. Rd3 Rxd3+ 39. Rxd3 Kf5 40. a3 Ke4 41. Kc2 Rf7 42. Bg1 Rf1 43. Bh2 Rf2+ 44. Rd2 d3+ 45. Kc3 Rxd2 46. Kxd2 Na5 47. Bc7 Nb3+ 48. Kd1 Kf3 0-1

[Event "Noale Szabados Memorial-B 5th"]
[Site "Noale"]
[Date "2012.02.03"]
[Round "1"]
[White "Artuso, Sofia"]
[Black "Stefan, Marco"]
[Result "1/2-1/2"]
[WhiteElo "1464"]
[BlackElo "1831"]
[PlyCount "78"]
[EventDate "2012.02.03"]
[EventType "swiss"]
[EventRounds "5"]
[EventCountry "ITA"]
[SourceTitle "EXT 2022"]
[Source "ChessBase"]
[SourceDate "2021.10.06"]
[SourceVersion "1"]
[SourceVersionDate "2021.10.06"]
[SourceQuality "1"]

1. e4 c5 2. Nf3 d6 3. d4 cxd4 4. Nxd4 Nf6 5. Nc3 a6 6. Bc4 e6 7. Bb3 b5 8. f3 Be7 9. Be3 0-0 10. Qd2 Qc7 11. 0-0-0 Rd8 12. g4 Nc6 13. h4 Nxd4 14. Bxd4 Bb7 15. h5 Nd7 16. g5 Ne5 17. g6 h6 18. gxf7+ Kxf7 19. Qf4+ Bf6 20. Rhg1 Rg8 21. Rg3 Qe7 22. Rdg1 Ke8 23. Qe3 Rc8 24. Kb1 Nc4 25. Bxc4 Rxc4 26. Bxf6 Qxf6 27. Rg6 Qe7 28. b3 Rc5 29. Qd4 e5 30. Qe3 Qc7 31. Nd5 Bxd5 32. exd5 Rxc2 33. Re6+ Kd8 34. Rxd6+ Qxd6 35. Kxc2 Qc7+ 36. Kb2 Kd7 37. Re1 Rf8 38. Qxe5 Qxe5+ 39. Rxe5 Rxf3 1/2-1/2

[Event "Mestre Ragazzini Memorial 2nd"]
[Site "Mestre"]
[Date "2011.05.22"]
[Round "4"]
[White "Roverato, Franco"]
[Black "Stefan, Marco"]
[Result "1/2-1/2"]
[WhiteElo "1750"]
[BlackElo "1852"]
[PlyCount "87"]
[EventDate "2011.05.20"]
[EventType "swiss"]
[EventRounds "5"]
[EventCountry "ITA"]
[SourceTitle "EXT 2022"]
[Source "ChessBase"]
[SourceDate "2021.10.06"]
[SourceVersion "1"]
[SourceVersionDate "2021.10.06"]
[SourceQuality "1"]

1. e4 c5 2. Nf3 d6 3. d4 cxd4 4. Nxd4 Nf6 5. Nc3 a6 6. Be2 e5 7. Nb3 Be7 8. Be3 0-0 9. Nd5 Nxd5 10. Qxd5 Nc6 11. c3 Be6 12. Qd1 d5 13. Bc5 dxe4 14. Qxd8 Rfxd8 15. Bxe7 Nxe7 16. Nc5 Bd5 17. 0-0-0 Bc6 18. f3 exf3 19. Bxf3 Bxf3 20. gxf3 b5 21. Rxd8+ Rxd8 22. Nxa6 Nc6 23. a3 f6 24. Rd1 Rxd1+ 25. Kxd1 g5 26. Nc7 Na7 27. Ke2 Kf7 28. b3 f5 29. c4 bxc4 30. bxc4 h5 31. Nb5 Nc6 32. Nd6+ Ke6 33. Nb7 g4 34. fxg4 hxg4 35. a4 f4 36. a5 e4 37. a6 Ke5 38. Nd8 Na7 39. c5 g3 40. hxg3 fxg3 41. Ke3 Kd5 42. Nf7 Kxc5 43. Ng5 Kb6 44. Nxe4 1/2-1/2

[Event "Noale Szabados Memorial-B 3rd"]
[Site "Noale"]
[Date "2010.02.05"]
[Round "1"]
[White "Stefan, Marco"]
[Black "Bossoni, Mario"]
[Result "1/2-1/2"]
[WhiteElo "1654"]
[BlackElo "1968"]
[PlyCount "52"]
[EventDate "2010.02.05"]
[EventType "swiss"]
[EventRounds "5"]
[EventCountry "ITA"]
[SourceTitle "EXT 2022"]
[Source "ChessBase"]
[SourceDate "2021.10.06"]
[SourceVersion "1"]
[SourceVersionDate "2021.10.06"]
[SourceQuality "1"]

1. e4 c5 2. Nf3 e6 3. d4 cxd4 4. Nxd4 Nf6 5. Nc3 d6 6. Be2 Nc6 7. 0-0 Be7 8. Be3 0-0 9. Kh1 e5 10. Nb3 Be6 11. f4 exf4 12. Bxf4 d5 13. exd5 Nxd5 14. Nxd5 Bxd5 15. Bf3 Bxf3 16. Qxf3 a5 17. Rad1 Qc8 18. Qg3 Kh8 19. a4 Rd8 20. Bc7 Rxd1 21. Rxd1 Bh4 22. Qxh4 Qxc7 23. Qc4 Re8 24. h3 h6 25. Nd4 Qf4 26. c3 Nxd4 1/2-1/2